The making of the modern mind : A survey of the intellectual background of the present age
From the medieval worldview to the modern outlook, this work presents a sweeping intellectual history in one volume. The emphasis is on ideas in their historical setting, on how modes of thought emerge, grow, influence and react to one another, and die. The result is a grand synthesis of the main cu...
Đã lưu trong:
| Hovedforfatter: | |
|---|---|
| Format: | Bog |
| Sprog: | Undetermined |
| Udgivet: |
New York
Columbia University Press
1940
|
| Fag: | |
| Tags: |
Tilføj Tag
Ingen Tags, Vær først til at tagge denne postø!
|
| Thư viện lưu trữ: | Trung tâm Học liệu Trường Đại học Cần Thơ |
|---|
| LEADER | 01284nam a2200217Ia 4500 | ||
|---|---|---|---|
| 001 | CTU_219176 | ||
| 008 | 210402s9999 xx 000 0 und d | ||
| 082 | |a 190 | ||
| 082 | |b R188 | ||
| 100 | |a Randall, John Herman | ||
| 245 | 4 | |a The making of the modern mind : | |
| 245 | 2 | |b A survey of the intellectual background of the present age | |
| 245 | 0 | |c John Herman Randall | |
| 260 | |a New York | ||
| 260 | |b Columbia University Press | ||
| 260 | |c 1940 | ||
| 520 | |a From the medieval worldview to the modern outlook, this work presents a sweeping intellectual history in one volume. The emphasis is on ideas in their historical setting, on how modes of thought emerge, grow, influence and react to one another, and die. The result is a grand synthesis of the main currents in western thought, bringing together religion, philosophy, politics, science, economics, literature and the arts, and the social and behavioral sciences- all the diverse systems man has devised in his effort to understand, interpret, and shape human experience. | ||
| 650 | |a Philosophy, Modern,Philosophy, Medieval,Triết học, hiện đại,Triết học, thời trung cổ | ||
| 650 | |x History,Lịch sử | ||
| 904 | |i Qhieu | ||
| 980 | |a Trung tâm Học liệu Trường Đại học Cần Thơ | ||